[Event "Excelsior January op"]
[Site "Toronto CAN"]
[Date "2023.01.07"]
[Round "3.8"]
[White "Deshpande, Sarthak"]
[Black "Joseph, Jonath"]
[Result "0-1"]
[WhiteElo "1964"]
[BlackElo "1964"]
[PlyCount "102"]
[EventDate "2023.01.06"]
[EventType "swiss"]
[EventRounds "5"]
[EventCountry "CAN"]

1. d4 d5 2. c4 e6 3. Nf3 Nf6 4. g3 c6 5. Qc2 Be7 6. Bg2 Nbd7 7. O-O O-O 8. Nbd2
b6 9. e4 Nxe4 10. Nxe4 dxe4 11. Qxe4 Bb7 12. Qc2 c5 13. Rd1 cxd4 14. Rxd4 Bf6
15. Rd1 Qe7 16. Ng5 Bxg5 17. Bxb7 Rad8 18. Be4 Bxc1 19. Raxc1 Nf6 20. Bg2 h6
21. Bf3 e5 22. Re1 Rd4 23. Rcd1 Rfd8 24. Bd5 Qc5 25. Rxe5 R8xd5 26. Rxd5 Rxd5
27. Rxd5 Nxd5 28. Qd3 Nf6 29. Qd8+ Kh7 30. Qd3+ g6 31. Qd8 Ne4 32. Kh1 Qxf2 33.
Qd1 Qxb2 34. Qf3 Qb1+ 35. Kg2 Qxa2+ 36. Kh1 Qb1+ 37. Kg2 Qc2+ 38. Kh1 Qd1+ 39.
Kg2 Qxf3+ 40. Kxf3 Nd2+ 41. Ke2 Nxc4 42. Kd3 b5 43. Kc2 a5 44. Kd1 a4 45. Kc1
b4 46. Kb1 b3 47. Ka1 a3 48. Kb1 Nd2+ 49. Ka1 b2+ 50. Ka2 b1=Q+ 51. Kxa3 Qb3#
0-1

[Event "Excelsior January op"]
[Site "Toronto CAN"]
[Date "2023.01.08"]
[Round "4.2"]
[White "Yang, Lefan"]
[Black "Rusonik, Max"]
[Result "0-1"]
[WhiteElo "1738"]
[BlackElo "2302"]
[PlyCount "88"]
[EventDate "2023.01.06"]
[EventType "swiss"]
[EventRounds "5"]
[EventCountry "CAN"]

1. d4 Nf6 2. e3 d5 3. Bd3 c5 4. c3 Nc6 5. f4 Bg4 6. Nf3 e6 7. O-O Be7 8. Qe1
Bf5 9. Bxf5 exf5 10. Ne5 Ne4 11. Nd2 f6 12. Nxc6 bxc6 13. Nxe4 fxe4 14. f5 O-O
15. Bd2 a5 16. b3 Qb6 17. Rb1 Rfc8 18. Qe2 cxd4 19. cxd4 c5 20. Bc3 Rab8 21.
Qe1 Qb5 22. dxc5 Bxc5 23. Rd1 Rb7 24. Bd4 Bb4 25. Qg3 Qc6 26. Bb2 Rbc7 27. Rc1
Qb6 28. Rxc7 Rxc7 29. Bxf6 Bd6 30. Be5 Bxe5 31. Qxe5 Qxe3+ 32. Kh1 Qc5 33. Qe6+
Rf7 34. h3 e3 35. Qe8+ Rf8 36. Qe6+ Kh8 37. Qe5 Qb5 38. Re1 Re8 39. Qc3 Qb6 40.
a3 d4 41. Qd3 Qc5 42. b4 axb4 43. axb4 Qxb4 44. Rb1 e2 0-1

[Event "Excelsior January op"]
[Site "Toronto CAN"]
[Date "2023.01.08"]
[Round "4.3"]
[White "Reprintsev, Alexander"]
[Black "Joseph Benher, Savio"]
[Result "1-0"]
[WhiteElo "2298"]
[BlackElo "2117"]
[PlyCount "61"]
[EventDate "2023.01.06"]
[EventType "swiss"]
[EventRounds "5"]
[EventCountry "CAN"]

1. Nc3 d5 2. d4 Nf6 3. Bf4 e6 4. Nb5 Na6 5. e3 Be7 6. Nf3 O-O 7. Be2 c5 8. O-O
Bd7 9. h3 c4 10. a4 Qb6 11. Ne5 Bxb5 12. axb5 Nc7 13. b3 Nxb5 14. bxc4 Nc3 15.
Qd3 Nxe2+ 16. Qxe2 dxc4 17. Rfb1 Qd8 18. Rxb7 Bd6 19. Qxc4 Bxe5 20. Bxe5 a5 21.
Qb5 Ne4 22. c4 Qh4 23. Qb2 Rfc8 24. c5 Qg5 25. Bf4 Qd5 26. f3 Nc3 27. Kh2 Ne2
28. Bd6 Nc3 29. Rb6 Qc4 30. Rc1 Ra6 31. Rxa6 1-0

[Event "Excelsior January op"]
[Site "Toronto CAN"]
[Date "2023.01.08"]
[Round "4.4"]
[White "Sanchez, Victor"]
[Black "Laughlin, Braden"]
[Result "1-0"]
[WhiteElo "2322"]
[BlackElo "1924"]
[PlyCount "157"]
[EventDate "2023.01.06"]
[EventType "swiss"]
[EventRounds "5"]
[EventCountry "CAN"]

1. e4 c5 2. Nf3 d6 3. d4 cxd4 4. Qxd4 Nc6 5. Bb5 Bd7 6. Bxc6 Bxc6 7. Nc3 e6 8.
Bg5 Nf6 9. O-O-O Be7 10. Rhe1 Qc7 11. Kb1 O-O 12. Qd2 Rfc8 13. Nd4 a6 14. f3
Be8 15. g4 b5 16. Nce2 b4 17. Ng3 Qc5 18. h4 Bf8 19. Bxf6 gxf6 20. Nh5 a5 21.
Nxf6+ Kh8 22. Qg5 Bg7 23. Qxc5 dxc5 24. Nxe8 Rxe8 25. Nb5 Re7 26. Nd6 Be5 27.
Nc4 Bd4 28. h5 h6 29. Rd3 Rb7 30. Red1 a4 31. Kc1 a3 32. b3 Kg7 33. Kd2 Rba7
34. Ke2 Re8 35. f4 f6 36. Kf3 Rf8 37. Ke2 Re8 38. Nd2 Rf8 39. Nf3 e5 40. Nh4
Rc7 41. Rf3 Rfc8 42. Nf5+ Kh7 43. Nd6 Rd8 44. Nc4 Rg8 45. Rg3 exf4 46. Rg2 Rg5
47. Kf3 Rcg7 48. Re2 Rc7 49. Kxf4 Rgg7 50. Kf3 Rc6 51. Red2 Re7 52. Ne3 Bxe3
53. Kxe3 c4 54. Rd4 cxb3 55. cxb3 Rb7 56. R1d2 Rcc7 57. Kf4 Kg7 58. Rd6 Re7 59.
Rc2 Rec7 60. Rcc6 Rxc6 61. Rxc6 Kf7 62. Ke3 Rd7 63. e5 fxe5 64. Rxh6 Rd1 65. g5
Ra1 66. Rf6+ Ke7 67. Rf2 Ke6 68. h6 Re1+ 69. Kd2 Ra1 70. Kd3 Kd5 71. Kd2 Rh1
72. Ke3 Ke6 73. Rg2 Re1+ 74. Kf3 Rh1 75. g6 Rh3+ 76. Kf2 Rc3 77. h7 Rc2+ 78.
Kg1 Rc1+ 79. Kh2 1-0

[Event "Excelsior January op"]
[Site "Toronto CAN"]
[Date "2023.01.08"]
[Round "4.6"]
[White "Reshetniak, Vitaliy"]
[Black "Joseph, Jonath"]
[Result "1-0"]
[WhiteElo "2027"]
[BlackElo "1964"]
[PlyCount "89"]
[EventDate "2023.01.06"]
[EventType "swiss"]
[EventRounds "5"]
[EventCountry "CAN"]

1. d4 d5 2. c4 e6 3. Nc3 Nf6 4. cxd5 exd5 5. Bg5 Nbd7 6. e3 c6 7. Bd3 Be7 8.
Qc2 a5 9. Nf3 h6 10. Bh4 Nh5 11. Bxe7 Qxe7 12. O-O Nhf6 13. e4 dxe4 14. Nxe4
O-O 15. Rfe1 Nd5 16. Nc3 Qd6 17. Nxd5 cxd5 18. Rac1 Nf6 19. Ne5 Be6 20. Qc5
Qxc5 21. Rxc5 Rfc8 22. Rec1 Rxc5 23. Rxc5 Rc8 24. f3 Rxc5 25. dxc5 Nd7 26. Nxd7
Bxd7 27. Kf2 Kf8 28. Ke3 Ke7 29. Kd4 Be6 30. a3 f6 31. b4 axb4 32. axb4 Kd7 33.
b5 Kc7 34. b6+ Kc6 35. Bc2 Kb5 36. Bb3 Bc8 37. Kxd5 Kb4 38. Bd1 Bd7 39. Kd6 Bc6
40. Bc2 Bb5 41. Be4 Ba6 42. Bxb7 Bf1 43. c6 Bxg2 44. Ba6 Ka5 45. b7 1-0

[Event "Excelsior January op"]
[Site "Toronto CAN"]
[Date "2023.01.08"]
[Round "4.7"]
[White "Zhong, Ryan Yunhui"]
[Black "Wang, Andy"]
[Result "1/2-1/2"]
[WhiteElo "1963"]
[BlackElo "1901"]
[PlyCount "121"]
[EventDate "2023.01.06"]
[EventType "swiss"]
[EventRounds "5"]
[EventCountry "CAN"]

1. e4 e5 2. Nf3 Nc6 3. d4 exd4 4. Nxd4 Bc5 5. Nb3 Bb6 6. Nc3 Nf6 7. Qe2 d6 8.
Bg5 h6 9. Bh4 Bd7 10. O-O-O g5 11. Bg3 Qe7 12. f3 O-O-O 13. Bf2 Be6 14. Bxb6
axb6 15. Qb5 Ne5 16. Qa4 Kb8 17. Nb5 Nfd7 18. Qa7+ Kc8 19. Qa8+ Nb8 20. Na7+
Kd7 21. Qxb7 Ke8 22. Nb5 Rc8 23. Na7 Rd8 24. Be2 Kf8 25. Nd4 Kg7 26. Nab5 Rd7
27. Qa8 c6 28. f4 cxb5 29. fxe5 Ra7 30. exd6 Qd7 31. Bxb5 Rxa8 32. Bxd7 Nxd7
33. a3 Rae8 34. Rhe1 Bg4 35. Rd3 Nc5 36. Rg3 Bd7 37. e5 f6 38. b4 fxe5 39. bxc5
exd4 40. Rxe8 Rxe8 41. cxb6 Rb8 42. Rb3 Kf7 43. Rb4 Ke6 44. a4 Kxd6 45. Rxd4+
Kc6 46. a5 Bc8 47. Rd8 Ra8 48. c4 Kc5 49. Kd2 Kxc4 50. Rh8 Kb5 51. Rxh6 Rxa5
52. Ke3 Ka6 53. h3 Ra3+ 54. Kf2 Bb7 55. g4 Rf3+ 56. Ke2 Rb3 57. h4 gxh4 58.
Rxh4 Kxb6 59. g5 Rg3 60. Rh6+ Kc5 61. g6 1/2-1/2

[Event "Excelsior January op"]
[Site "Toronto CAN"]
[Date "2023.01.08"]
[Round "4.8"]
[White "Deshpande, Sarthak"]
[Black "Lu, Tony"]
[Result "0-1"]
[WhiteElo "1964"]
[BlackElo "2013"]
[PlyCount "154"]
[EventDate "2023.01.06"]
[EventType "swiss"]
[EventRounds "5"]
[EventCountry "CAN"]

1. d4 d5 2. c4 e6 3. Nf3 Nf6 4. g3 Be7 5. Qc2 O-O 6. Bg2 c5 7. O-O cxd4 8. Nxd4
Nc6 9. Nf3 Bd7 10. Rd1 Rc8 11. Nc3 Nb4 12. Qd2 Rxc4 13. a3 Na6 14. b3 Rc8 15.
b4 Nxb4 16. Bb2 Na6 17. Nd4 Nc5 18. Rab1 e5 19. Nf3 d4 20. Na2 Nfe4 21. Qe1 f6
22. Nd2 Nd6 23. Bd5+ Be6 24. Bxe6+ Nxe6 25. Nb4 Nb5 26. Rbc1 Rb8 27. e3 a5 28.
Na2 Bxa3 29. Bxa3 Nxa3 30. exd4 Nxd4 31. Qe3 Nab5 32. Nb3 b6 33. Nc3 Qe8 34.
Nxb5 Nxb5 35. Qe4 Qf7 36. Qa4 Nd4 37. Nxd4 exd4 38. Qxd4 Rfe8 39. Qg4 f5 40.
Qf4 Rbc8 41. Rb1 Re4 42. Qd6 Re6 43. Qd4 Qf6 44. Qd5 Kh8 45. Qb5 h6 46. Rd5 Rf8
47. Qd3 f4 48. Rf1 fxg3 49. hxg3 Qf3 50. Qxf3 Rxf3 51. Rb5 Ref6 52. Rfb1 Rxf2
53. Rxb6 Rxb6 54. Rxb6 Ra2 55. Ra6 Kh7 56. Kh1 h5 57. Kg1 g6 58. Kh1 Kh6 59.
Kg1 Kg5 60. Kh1 Kf5 61. Kg1 g5 62. Rb6 Kg4 63. Rb5 Ra3 64. Kh2 Ra2+ 65. Kg1 a4
66. Ra5 a3 67. Kh1 Kh3 68. Kg1 g4 69. Rxh5+ Kxg3 70. Kf1 Rb2 71. Ra5 a2 72.
Ra3+ Kh4 73. Kg1 Rb1+ 74. Kh2 a1=Q 75. Rh3+ Kg5 76. Rg3 Rh1+ 77. Kg2 Qf1# 0-1

[Event "Excelsior January op"]
[Site "Toronto CAN"]
[Date "2023.01.08"]
[Round "4.9"]
[White "Oancea, Nicolae"]
[Black "Chen, Sam"]
[Result "1/2-1/2"]
[WhiteElo "2073"]
[BlackElo "1449"]
[PlyCount "60"]
[EventDate "2023.01.06"]
[EventType "swiss"]
[EventRounds "5"]
[EventCountry "CAN"]

1. e4 e5 2. d4 exd4 3. Bc4 Nc6 4. Nf3 Bc5 5. c3 dxc3 6. Qd5 Qe7 7. Nxc3 d6 8.
Bb5 Bd7 9. Bg5 Nf6 10. Qc4 h6 11. Bxf6 Qxf6 12. O-O O-O 13. b4 Be6 14. Nd5 Bxd5
15. exd5 Nxb4 16. a3 Nxd5 17. Qxd5 c6 18. Bxc6 bxc6 19. Qxc6 Rfe8 20. Rae1 Rec8
21. Qa6 Rab8 22. Rb1 Rd8 23. Rbd1 Rb3 24. a4 d5 25. Qxf6 gxf6 26. Ra1 Ra3 27.
Rxa3 Bxa3 28. Rd1 Rc8 29. Kf1 Rc1 30. Rxc1 Bxc1 1/2-1/2

[Event "Excelsior January op"]
[Site "Toronto CAN"]
[Date "2023.01.08"]
[Round "5.4"]
[White "Joseph Benher, Savio"]
[Black "Reshetniak, Vitaliy"]
[Result "1-0"]
[WhiteElo "2117"]
[BlackElo "2027"]
[PlyCount "49"]
[EventDate "2023.01.06"]
[EventType "swiss"]
[EventRounds "5"]
[EventCountry "CAN"]

1. e4 c5 2. Nf3 e6 3. d4 cxd4 4. Nxd4 a6 5. c4 Nf6 6. Nc3 Bb4 7. Qd3 O-O 8. e5
Ne8 9. Nc2 Bxc3+ 10. Qxc3 d6 11. exd6 Qxd6 12. b3 Qc6 13. Ba3 Nd6 14. Qd3 Qe4+
15. Qxe4 Nxe4 16. Bxf8 Kxf8 17. g3 a5 18. Bg2 Nc5 19. O-O Nba6 20. Nd4 Bd7 21.
Rab1 e5 22. Nb5 Bxb5 23. cxb5 Nc7 24. Rbc1 N7e6 25. Rfd1 1-0

[Event "Excelsior January op"]
[Site "Toronto CAN"]
[Date "2023.01.08"]
[Round "5.5"]
[White "Laughlin, Braden"]
[Black "Yang, Lefan"]
[Result "1/2-1/2"]
[WhiteElo "1924"]
[BlackElo "1738"]
[PlyCount "80"]
[EventDate "2023.01.06"]
[EventType "swiss"]
[EventRounds "5"]
[EventCountry "CAN"]

1. e4 c5 2. Nf3 Nc6 3. Bb5 e6 4. Bxc6 bxc6 5. d3 Ne7 6. O-O Ng6 7. Nbd2 e5 8.
b3 d6 9. Nc4 Be7 10. c3 O-O 11. Ne3 Nh4 12. Nxh4 Bxh4 13. Bb2 Re8 14. Qe2 g6
15. c4 Bg5 16. Rae1 Be6 17. Nd1 f5 18. Nc3 f4 19. f3 Bh4 20. Ra1 h5 21. Nd1 g5
22. Bc3 g4 23. Be1 g3 24. h3 Qd7 25. b4 cxb4 26. Bxb4 c5 27. Bd2 Kf7 28. Nc3
Rh8 29. Rfb1 Bg5 30. Rb3 Bxh3 31. gxh3 Qxh3 32. Rb7+ Kg6 33. Rab1 Qe6 34. Nd5
h4 35. Nc7 Qc8 36. Nxa8 Qxa8 37. Rd7 Qc6 38. Rbb7 Bf6 39. Rbc7 Qb6 40. Rb7 Qc6
1/2-1/2

[Event "Excelsior January op"]
[Site "Toronto CAN"]
[Date "2023.01.08"]
[Round "5.6"]
[White "Zhong, Ryan Yunhui"]
[Black "Munro, Allan"]
[Result "0-1"]
[WhiteElo "1963"]
[BlackElo "2173"]
[PlyCount "94"]
[EventDate "2023.01.06"]
[EventType "swiss"]
[EventRounds "5"]
[EventCountry "CAN"]

1. e4 c6 2. d4 d5 3. Nc3 dxe4 4. Nxe4 Bf5 5. Ng3 Bg6 6. N1e2 e6 7. Nf4 Bd6 8.
Nxg6 hxg6 9. Ne4 Be7 10. c3 Qd5 11. Bd3 Nd7 12. O-O e5 13. c4 Qxd4 14. Be3 Qxb2
15. Rb1 Qa3 16. Rxb7 Ngf6 17. Nxf6+ Nxf6 18. Qc2 O-O 19. Be4 Rfc8 20. c5 Bf8
21. Bxg6 fxg6 22. Qxg6 Qxa2 23. h4 Qe6 24. Bh6 Qg4 25. Qf7+ Kh8 26. Bg5 Ne4 27.
Bh6 Nxc5 28. Rfb1 Nxb7 29. Rxb7 Rd8 30. g3 Rd1+ 31. Kh2 Rad8 32. Bg5 Rh1+ 33.
Kg2 Qe4+ 34. Qf3 Qxf3+ 35. Kxf3 Ra8 36. Ke4 a5 37. Kxe5 a4 38. Bd2 a3 39. Ke6
Rd1 40. Bc3 Rd3 41. Ba1 Kh7 42. f4 Rxg3 43. Kf7 Rg1 44. f5 Rf1 45. f6 Rxf6+ 46.
Bxf6 gxf6 47. Kxf6+ Kh6 0-1

[Event "Excelsior January op"]
[Site "Toronto CAN"]
[Date "2023.01.08"]
[Round "5.7"]
[White "Wang, Andy"]
[Black "Lu, Tony"]
[Result "0-1"]
[WhiteElo "1901"]
[BlackElo "2013"]
[PlyCount "66"]
[EventDate "2023.01.06"]
[EventType "swiss"]
[EventRounds "5"]
[EventCountry "CAN"]

1. e4 e6 2. d4 d5 3. Nc3 Bb4 4. exd5 exd5 5. Bd3 c6 6. Nge2 Nf6 7. O-O Bg4 8.
f3 Bd7 9. Bf4 Na6 10. Bxa6 bxa6 11. Qd3 Qc8 12. a3 Ba5 13. Bd6 Bf5 14. Qd2 Qd7
15. Bc5 h5 16. Ng3 Be6 17. Rae1 O-O-O 18. b4 Bc7 19. Qd3 Kb7 20. Na4 h4 21. Bf8
Bb6 22. Bxg7 hxg3 23. Bxf6 Rxh2 24. Nc5+ Bxc5 25. bxc5 Re8 26. f4 Bh3 27. Rxe8
Rxg2+ 28. Kh1 Qxe8 29. Rb1+ Ka8 30. Qb3 Rh2+ 31. Kg1 Rh1+ 32. Kxh1 Qe4+ 33. Kg1
Qg2# 0-1

[Event "Excelsior June GM Norm"]
[Site "Toronto CAN"]
[Date "2023.06.19"]
[Round "1.3"]
[White "Almeida Quintana, Omar"]
[Black "Rozentalis, Eduardas"]
[Result "1/2-1/2"]
[WhiteElo "2526"]
[BlackElo "2504"]
[PlyCount "38"]
[EventDate "2023.06.18"]
[EventType "tourn"]
[EventRounds "9"]
[EventCountry "CAN"]

1. d4 Nf6 2. Nf3 e6 3. c4 Bb4+ 4. Bd2 a5 5. g3 c5 6. Bg2 cxd4 7. Bxb4 axb4 8.
Nxd4 Nc6 9. O-O d5 10. cxd5 exd5 11. Nxc6 bxc6 12. Qd4 Qe7 13. Rc1 Bd7 14. Nd2
O-O 15. e3 Ra4 16. Nb3 Rfa8 17. Nc5 Rxa2 18. Rxa2 Rxa2 19. Qxb4 Be8 1/2-1/2

[Event "Excelsior June GM Norm"]
[Site "Toronto CAN"]
[Date "2023.06.19"]
[Round "2.2"]
[White "Wang, Tianqi"]
[Black "Sambuev, Bator"]
[Result "1/2-1/2"]
[WhiteElo "2359"]
[BlackElo "2433"]
[PlyCount "77"]
[EventDate "2023.06.18"]
[EventType "tourn"]
[EventRounds "9"]
[EventCountry "CAN"]

1. d4 e6 2. Nf3 Nf6 3. c4 d5 4. g3 c6 5. Bg2 dxc4 6. Ne5 Bb4+ 7. Nc3 Nd5 8. Bd2
b5 9. O-O O-O 10. a4 a6 11. h4 Bb7 12. Ne4 Bxd2 13. Qxd2 Nd7 14. Nxd7 Qxd7 15.
Nc5 Qe7 16. e4 Nf6 17. e5 Nd5 18. a5 Rad8 19. h5 h6 20. Rae1 Bc8 21. f4 f5 22.
Bf3 Nf6 23. Qb4 Ng4 24. Qc3 Rxd4 25. Qxd4 Rd8 26. Nd7 Rxd7 27. Qb6 Bb7 28. Rd1
Rd5 29. Rxd5 exd5 30. Qa7 b4 31. Qb8+ Kh7 32. Bxg4 fxg4 33. e6 Qxe6 34. Qxb7
Qe3+ 35. Kg2 Qe4+ 36. Kh2 Qe2+ 37. Kg1 Qe3+ 38. Kg2 Qe4+ 39. Kg1 1/2-1/2

[Event "Excelsior June GM Norm"]
[Site "Toronto CAN"]
[Date "2023.06.20"]
[Round "3.3"]
[White "Nagy, Gabor"]
[Black "Wang, Tianqi"]
[Result "1/2-1/2"]
[WhiteElo "2464"]
[BlackElo "2359"]
[PlyCount "41"]
[EventDate "2023.06.18"]
[EventType "tourn"]
[EventRounds "9"]
[EventCountry "CAN"]

1. c4 c6 2. Nf3 d5 3. e3 Nf6 4. Nc3 a6 5. b3 Bf5 6. Be2 h6 7. Ba3 Nbd7 8. O-O
e6 9. Bxf8 Nxf8 10. b4 N8d7 11. Qb3 O-O 12. a4 Bg6 13. Rfc1 Qe7 14. h3 Rfc8 15.
d4 dxc4 16. Bxc4 e5 17. Bf1 exd4 18. Nxd4 Ne5 19. Rd1 c5 20. bxc5 Rxc5 21. Nce2
1/2-1/2

[Event "Excelsior June GM Norm"]
[Site "Toronto CAN"]
[Date "2023.06.20"]
[Round "3.5"]
[White "Sambuev, Bator"]
[Black "Jaferian, Koosha"]
[Result "1-0"]
[WhiteElo "2433"]
[BlackElo "2233"]
[PlyCount "73"]
[EventDate "2023.06.18"]
[EventType "tourn"]
[EventRounds "9"]
[EventCountry "CAN"]

1. d4 d5 2. c4 dxc4 3. e4 b5 4. a4 c6 5. axb5 cxb5 6. Nc3 Qb6 7. Be3 e6 8. d5
Bc5 9. Bxc5 Qxc5 10. Nf3 Nf6 11. Qd4 Qb4 12. Be2 O-O 13. O-O a6 14. Rfd1 exd5
15. exd5 Qxb2 16. Ra2 Qb4 17. Ne5 Bb7 18. d6 Nbd7 19. Nd3 Qb3 20. Rb1 Qxb1+ 21.
Nxb1 cxd3 22. Bxd3 Rfe8 23. f3 Rac8 24. Nc3 Rc5 25. Rd2 Re6 26. Kf2 h6 27. Bb1
Ne8 28. Re2 Rxe2+ 29. Nxe2 Rd5 30. Qa7 Nxd6 31. Be4 Rc5 32. Bxb7 Rc7 33. Qa8+
Kh7 34. Bxa6 Nc5 35. Qd5 Nde4+ 36. fxe4 Nxa6 37. Qd6 1-0

[Event "Excelsior June GM Norm"]
[Site "Toronto CAN"]
[Date "2023.06.20"]
[Round "4.4"]
[White "Wang, Tianqi"]
[Black "Jaferian, Koosha"]
[Result "1/2-1/2"]
[WhiteElo "2359"]
[BlackElo "2233"]
[PlyCount "62"]
[EventDate "2023.06.18"]
[EventType "tourn"]
[EventRounds "9"]
[EventCountry "CAN"]

1. d4 Nf6 2. c4 e6 3. g3 d5 4. Nf3 dxc4 5. Bg2 c5 6. O-O Nc6 7. Qa4 Bd7 8. Qxc4
b5 9. Qd3 c4 10. Qd1 Rc8 11. Na3 Qb6 12. Nc2 Be7 13. Re1 Nb4 14. Ne5 Nxc2 15.
Qxc2 Qxd4 16. Bf4 Qb6 17. Red1 Rd8 18. a4 a6 19. Nxd7 Nxd7 20. axb5 axb5 21.
Be3 Bc5 22. Bxc5 Qxc5 23. Ra6 Nb8 24. Rxd8+ Kxd8 25. b4 Qd4 26. Ra5 Ke7 27.
Rxb5 Nd7 28. Rb7 Rc8 29. b5 Qa1+ 30. Bf1 Qa8 31. Bg2 Qa1+ 1/2-1/2

[Event "Excelsior June GM Norm"]
[Site "Toronto CAN"]
[Date "2023.06.21"]
[Round "5.4"]
[White "Jaferian, Koosha"]
[Black "Rozentalis, Eduardas"]
[Result "0-1"]
[WhiteElo "2233"]
[BlackElo "2504"]
[PlyCount "92"]
[EventDate "2023.06.18"]
[EventType "tourn"]
[EventRounds "9"]
[EventCountry "CAN"]

1. d4 Nf6 2. Bf4 d6 3. e3 g6 4. h3 Bg7 5. Nf3 c5 6. c3 O-O 7. Be2 Qb6 8. Qb3
Be6 9. Qa3 Nc6 10. Nbd2 cxd4 11. exd4 Nd5 12. Bh2 Bh6 13. O-O Nf4 14. Bc4 d5
15. Bxf4 Bxf4 16. Bd3 f6 17. Qb3 Qc7 18. Rfe1 Bf7 19. Qd1 e5 20. dxe5 fxe5 21.
Bc2 Qb6 22. Nb3 Rae8 23. Qe2 e4 24. Nfd4 Nxd4 25. cxd4 Bc7 26. Qd2 Qd6 27. g3
Be6 28. h4 Rf3 29. Re3 Ref8 30. Rae1 Rxf2 31. Qxf2 Rxf2 32. Kxf2 Bh3 33. Kg1
Qf6 34. Bd1 Bb6 35. Kh2 Bf1 36. Kg1 Bc4 37. Kg2 Bxd4 38. Nxd4 Qxd4 39. b3 Qd2+
40. Kg1 Bd3 41. Bg4 Kg7 42. Be6 d4 43. Rxe4 Bxe4 44. Rxe4 Qc1+ 45. Kf2 Qc2+ 46.
Re2 d3 0-1

[Event "Excelsior June GM Norm"]
[Site "Toronto CAN"]
[Date "2023.06.21"]
[Round "5.5"]
[White "Almeida Quintana, Omar"]
[Black "Wang, Tianqi"]
[Result "1/2-1/2"]
[WhiteElo "2526"]
[BlackElo "2359"]
[PlyCount "73"]
[EventDate "2023.06.18"]
[EventType "tourn"]
[EventRounds "9"]
[EventCountry "CAN"]

1. d4 Nf6 2. Nf3 e6 3. c4 b6 4. g3 Bb7 5. Bg2 Bb4+ 6. Bd2 Qe7 7. O-O Bxd2 8.
Qxd2 O-O 9. Nc3 Ne4 10. Nxe4 Bxe4 11. Qf4 d5 12. cxd5 Bxd5 13. Ne5 Bxg2 14.
Kxg2 a5 15. Rac1 Qd6 16. a3 Ra7 17. Rfd1 a4 18. Rd3 f6 19. Nc6 Qxf4 20. gxf4
Nxc6 21. Rxc6 Re8 22. e4 Kf7 23. Rdc3 Re7 24. Kf3 Ke8 25. Kg4 Kd8 26. f5 exf5+
27. Kxf5 Ra5+ 28. d5 Rb5 29. Rc2 Re5+ 30. Kf4 g5+ 31. Ke3 f5 32. f3 fxe4 33.
fxe4 Rbxd5 34. Rxc7 Rc5 35. R2xc5 Rxc5 36. Rxh7 Rb5 37. Ra7 1/2-1/2

[Event "Excelsior June GM Norm"]
[Site "Toronto CAN"]
[Date "2023.06.21"]
[Round "6.5"]
[White "Wang, Tianqi"]
[Black "Rozentalis, Eduardas"]
[Result "1/2-1/2"]
[WhiteElo "2359"]
[BlackElo "2504"]
[PlyCount "42"]
[EventDate "2023.06.18"]
[EventType "tourn"]
[EventRounds "9"]
[EventCountry "CAN"]

1. d4 Nf6 2. c4 e6 3. g3 d5 4. Nf3 dxc4 5. Bg2 Bd7 6. Qc2 Bc6 7. Qxc4 Be7 8.
O-O O-O 9. Bg5 Bd5 10. Qc1 c5 11. Rd1 Qb6 12. Be3 Nbd7 13. Nc3 Bc6 14. dxc5
Bxc5 15. Bxc5 Nxc5 16. Ne5 Bxg2 17. Kxg2 Rac8 18. Qd2 h6 19. e3 Rfd8 20. Qe2
Qc7 21. Nf3 a6 1/2-1/2

[Event "Excelsior June GM Norm"]
[Site "Toronto CAN"]
[Date "2023.06.22"]
[Round "7.3"]
[White "Sambuev, Bator"]
[Black "Nagy, Gabor"]
[Result "0-1"]
[WhiteElo "2433"]
[BlackElo "2464"]
[PlyCount "90"]
[EventDate "2023.06.18"]
[EventType "tourn"]
[EventRounds "9"]
[EventCountry "CAN"]

1. d4 Nf6 2. c4 e6 3. Nc3 d5 4. Bg5 Be7 5. e3 h6 6. Bh4 O-O 7. Nf3 b6 8. g4 Ne4
9. Bxe7 Qxe7 10. g5 Nxg5 11. cxd5 exd5 12. Rg1 Ne4 13. Nxd5 Qd6 14. Nc3 Nxc3
15. bxc3 Nd7 16. Nh4 Qa3 17. Qb3 Qa5 18. Ng6 Re8 19. Bb5 Rb8 20. Nf4 Kf8 21.
Kd2 g5 22. Nd3 a6 23. a4 Nc5 24. dxc5 bxc5 25. h4 axb5 26. axb5 Qxb5 27. Qxb5
Rxb5 28. c4 Rb6 29. hxg5 Bf5 30. Nxc5 Rb2+ 31. Ke1 h5 32. Rh1 Re5 33. Na6 Bd3
34. Nxc7 Rxg5 35. Nd5 Re2+ 36. Kd1 Rxf2 37. Nf4 Be4 38. Ke1 Rc2 39. Rf1 Rg3 40.
Ne6+ Kg8 41. Nc5 Rxe3+ 42. Kd1 Bg6 43. Rf4 Rg2 44. Ra8+ Kg7 45. Rd8 Ra3 0-1

[Event "Excelsior June GM Norm"]
[Site "Toronto CAN"]
[Date "2023.06.22"]
[Round "8.2"]
[White "Nagy, Gabor"]
[Black "Jaferian, Koosha"]
[Result "1-0"]
[WhiteElo "2464"]
[BlackElo "2233"]
[PlyCount "119"]
[EventDate "2023.06.18"]
[EventType "tourn"]
[EventRounds "9"]
[EventCountry "CAN"]

1. c4 e6 2. Nc3 Nf6 3. Nf3 d5 4. e3 c5 5. d4 Nc6 6. a3 cxd4 7. exd4 dxc4 8.
Bxc4 Be7 9. O-O O-O 10. Re1 b6 11. Bg5 Bb7 12. Qd3 Nd5 13. Bxd5 Bxg5 14. Be4 g6
15. d5 exd5 16. Bxd5 Na5 17. Rad1 Bf6 18. Ne4 Bxd5 19. Qxd5 Bg7 20. Nd6 Qd7 21.
b4 Nc6 22. Qc4 Rad8 23. Nxf7 Qxf7 24. Qxc6 Qb3 25. Rxd8 Rxd8 26. g3 Qd5 27.
Re8+ Bf8 28. Qxd5+ Rxd5 29. Ne5 Kg7 30. Kg2 a5 31. Nc6 axb4 32. axb4 Rd6 33.
Rc8 Re6 34. Kf3 Bd6 35. h4 h5 36. Kg2 Re4 37. b5 Re2 38. Nd4 Rd2 39. Ne6+ Kf6
40. Ng5 Kf5 41. Rd8 Bb4 42. Rxd2 Bxd2 43. f4 Bb4 44. Kf3 Be7 45. Nf7 Bc5 46.
Ne5 Bd4 47. Nd3 Bc3 48. Nf2 Ke6 49. Ne4 Bd4 50. Ke2 Kd5 51. Kd3 Bg1 52. f5 gxf5
53. Nf6+ Kc5 54. Nxh5 Kxb5 55. Ng7 Kc6 56. h5 Kd5 57. Nxf5 Bc5 58. h6 Ba3 59.
Kc2 Ke4 60. h7 1-0

[Event "Excelsior June GM Norm"]
[Site "Toronto CAN"]
[Date "2023.06.23"]
[Round "9.2"]
[White "Jaferian, Koosha"]
[Black "Almeida Quintana, Omar"]
[Result "0-1"]
[WhiteElo "2233"]
[BlackElo "2526"]
[PlyCount "82"]
[EventDate "2023.06.18"]
[EventType "tourn"]
[EventRounds "9"]
[EventCountry "CAN"]

1. e4 d6 2. d4 Nf6 3. Nc3 c6 4. f4 Qa5 5. e5 Ne4 6. Qf3 d5 7. Bd3 Nxc3 8. Bd2
Qb6 9. bxc3 e6 10. Qh3 c5 11. Nf3 c4 12. Be2 Nc6 13. O-O Be7 14. g4 Bd7 15.
Rfb1 Qc7 16. f5 O-O-O 17. Bg5 f6 18. Bf4 exf5 19. gxf5 g6 20. e6 Qxf4 21. exd7+
Kc7 22. Rb5 g5 23. Rab1 b6 24. Qg3 Qxg3+ 25. hxg3 Rxd7 26. Nd2 Ba3 27. Bf3 Ne7
28. g4 h5 29. Nf1 hxg4 30. Bxg4 Bd6 31. a4 Rh4 32. Bf3 Rh3 33. Kg2 g4 34. Bxg4
Rxc3 35. a5 Rd8 36. axb6+ axb6 37. Bf3 Rxc2+ 38. Kh3 Rh8+ 39. Kg4 Rg8+ 40. Kh3
Rc3 41. Nd2 Rg3+ 0-1

[Event "Excelsior June GM Norm"]
[Site "Toronto CAN"]
[Date "2023.06.23"]
[Round "9.3"]
[White "Rozentalis, Eduardas"]
[Black "Nagy, Gabor"]
[Result "1/2-1/2"]
[WhiteElo "2504"]
[BlackElo "2464"]
[PlyCount "22"]
[EventDate "2023.06.18"]
[EventType "tourn"]
[EventRounds "9"]
[EventCountry "CAN"]

1. e4 e5 2. Nf3 Nc6 3. Nc3 Nf6 4. d4 exd4 5. Nxd4 Bb4 6. Nxc6 bxc6 7. Bd3 d5 8.
exd5 O-O 9. O-O Bg4 10. Be2 Bxe2 11. Nxe2 cxd5 1/2-1/2

[Event "Excelsior June IM Norm"]
[Site "Toronto CAN"]
[Date "2023.06.13"]
[Round "1.1"]
[White "Singh Dhaliwal, Jaipreet"]
[Black "Clyde, Jordan"]
[Result "0-1"]
[WhiteElo "2050"]
[BlackElo "2096"]
[PlyCount "86"]
[EventDate "2023.06.13"]
[EventType "tourn"]
[EventRounds "9"]
[EventCountry "CAN"]

1. e4 d6 2. d4 Nf6 3. Nc3 c6 4. h3 b5 5. Bd3 e5 6. Be3 exd4 7. Bxd4 Nbd7 8. a3
Nc5 9. Qf3 Nxd3+ 10. cxd3 Be7 11. Nge2 O-O 12. g4 Nd7 13. Qg3 d5 14. exd5 c5
15. Be3 Nb6 16. O-O Bb7 17. d4 Nxd5 18. Nxd5 Qxd5 19. f3 Qb3 20. Qf2 Rfe8 21.
Nc1 Qd5 22. Ne2 Bh4 23. Qxh4 Rxe3 24. Nc3 Qxd4 25. Rad1 Rd3+ 26. Qf2 Qxf2+ 27.
Rxf2 Rxd1+ 28. Nxd1 Rd8 29. Ne3 Rd3 30. Nf5 Bxf3 31. Kh2 Kf8 32. Rc2 c4 33. a4
a6 34. axb5 axb5 35. Rc1 Be4 36. Nh4 g5 37. Nf5 Rd2+ 38. Kg1 Bxf5 39. gxf5 Kg7
40. Rb1 Kf6 41. b3 c3 42. Rc1 c2 43. Kf1 Rd1+ 0-1